Pri preskripcii vnímať aj ekonomiku klinickí farmakológovia o problémoch farmakoekonomiky v SR

Bibliographic Details
Main Author: Žiaková, Magda (Author)
Format: Article
Language:Slovak
Subjects:

MARC

LEADER 00000nab a2200000 a 4500
001 vtls000783329
003 SK-MaSNL
005 20260302153451.0
008 140303c2002 xo 0 slo
015 |a SNBRB2002/02-05698 
035 |a CLN000135039 
040 |a SNKBUCL  |b slo  |c SNKBUCL  |e AACR2 
041 0 |a slo 
044 |a xo  |c SK 
080 |a 615.03:061.3(437.6)  |2 1997 
100 1 |a Žiaková, Magda  |4 aut  |9 839575 
245 1 0 |a Pri preskripcii vnímať aj ekonomiku  |b klinickí farmakológovia o problémoch farmakoekonomiky v SR  |c Magda Žiaková 
611 2 7 |a Konferencia klinickej farmakológie  |n (9. :  |d 2001 :  |c Bratislava, Slovensko)  |2 snkbucl  |9 22075 
650 0 7 |a farmakológia klinická  |x konferencie  |x 2001  |2 snkbucl  |9 845970 
655 7 |a články z novín a časopisov  |2 snkbucl  |9 267496 
773 0 |t Zdravotnícke noviny  |g Roč. 7, č. 5 (2002), s. 7  |x 1335-4477 
850 |a Slovenská národná knižnica v Martine 
852 |a SNK  |b KIS3GCP 
958 |a MI 
958 |a SK 
992 |a RBX 
999 |c 1365521  |d 1367451